Movies Quiz

Random Movies or Oscar Quiz

Best Sup. Actress Oscar Nominees (90s) Quiz Stats

 Plays Quiz Updated Sep 20, 2019

     
Support Sporcle.
Go Orange.
Score 0/50 Timer 07:00
0 Plays Today
Film Actress % Correct
GhostWhoopi Goldberg
88%
Pulp FictionUma Thurman
77.2%
Girl, InterruptedAngelina Jolie
74.1%
Sense and SensibilityKate Winslet
71.3%
My Cousin VinnyMarisa Tomei
69.8%
Boogie NightsJulianne Moore
61.9%
L.A. ConfidentialKim Basinger
59.7%
Primary ColorsKathy Bates
57.4%
Good Will HuntingMinnie Driver
56.3%
Shakespeare in LoveJudi Dench
53.6%
In The Name of the FatherEmma Thompson
53.1%
The PianoAnna Paquin
51.5%
Mighty AphroditeMira Sorvino
49.1%
The Age of InnocenceWinona Ryder
47.8%
The FirmHolly Hunter
44.5%
The Sixth SenseToni Collette
39.3%
Cape FearJuliette Lewis
38.3%
The English PatientJuliette Binoche
37.3%
Fried Green TomatoesJessica Tandy
34.7%
Bullets Over BroadwayDianne Wiest
32%
In & OutJoan Cusack
31.4%
GoodfellasLorraine Bracco
31.3%
The Madness of King GeorgeHelen Mirren
30.9%
The GriftersAnnette Bening
29.8%
NixonJoan Allen
29.2%
Film Actress % Correct
The CrucibleJoan Allen
29.2%
Boys Don't CryChloe Sevigny
29.2%
Being John MalkovichCatherine Keener
28.2%
The Fisher KingMercedes Ruehl
25.3%
Dances With WolvesMary McDonnell
24.6%
TitanicGloria Stuart
22%
Howards EndVanessa Redgrave
21.1%
Gods and MonstersLynn Redgrave
21%
Husband and WivesJudy Davis
20.7%
The Mirror Has Two FacesLauren Bacall
19.7%
Bullets Over BroadwayJennifer Tilly
17.9%
Little VoiceBrenda Blethyn
17.7%
DamageMiranda Richardson
17.3%
Wild At HeartDiane Ladd
17.1%
Rambling RoseDiane Ladd
17.1%
Sweet and LowdownSamantha Morton
16.5%
FearlessRosie Perez
16%
Apollo 13Kathleen Quinlan
15.6%
Hilary & JackieRachel Griffiths
14.3%
The Portrait of a LadyBarbara Hershey
10.8%
GeorgiaMare Winningham
10.1%
Secrets & LiesMarianne Jean-Baptiste
9.9%
Enchanted AprilJoan Plowright
9.9%
The Prince of TidesKate Nelligan
8.5%
Tom & VivRosemary Harris
7.3%

From the Vault

China Minesweeper

by joeydeka

Hiding behind the wall won't save you here.
Remove Ads.
Support Sporcle.
Get the best of Sporcle when you Go Orange. This ad-free experience offers more features, more stats, and more fun while also helping to support Sporcle. Thank you for becoming a member.

Show Comments

Extras

Top Quizzes Today


Score Distribution

Your Account Isn't Verified!

In order to create a playlist on Sporcle, you need to verify the email address you used during registration. Go to your Sporcle Settings to finish the process.

Report this User

Report this user for behavior that violates our Community Guidelines.

Details: